Laddar...

History of the Arabs

Bibliografiska uppgifter
Huvudupphovsman: Hitti P K
Materialtyp: Printed Book
Publicerad: London: Acmillan .
Ämnen:
LEADER 00387nam a22001214a 4500
082 |a 927 
100 |a Hitti P K , 
260 |a London:  |b Acmillan . 
650 |a History of the Arabs 
245 |a History of the Arabs  |c by P K Hitti  
942 |c BK 
999 |c 247244  |d 247244 
952 |0 0  |1 0  |4 0  |6 927_000000000000000_HIT  |7 0  |8 G  |9 262597  |a HIS  |b HIS  |d 2020-01-04  |l 0  |o 927 HIT  |p HIS7568  |r 2020-01-04  |t 1  |w 2020-01-04  |y BK